00512cam a22001454a 4500020003100000040000800031082002600039245007900065260007700144300003500221650002600256650002500282650003800307700002100345 a9780896297814 (alk. paper) cDLC00a338 INT 2009 C147 Or.00aInstitutional economics perspectives on African agricultural development / aWashington, D.C :bInternational Food Policy Research Institute,cc2009. axxii, 477 p. :bill. ;c23 cm. 0aAgriculture and state 0aEconomic development 0aAgricultural development projects1 aKirsten, Johann.